30 plantes à connaitre partie 1 - Statistiques

Statistiques générales
  • Ce quiz a été pris 31 fois
  • Le résultat moyen est 11 sur 48
Statistiques - réponses
Par images Réponse % Correct
buis
86%
lierre grimpant
50%
charme
43%
hetre
43%
acer campestre
36%
acer platanoides
36%
acer pseudoplatanus
36%
Betula pendula
36%
erable champetre
36%
hedera helix
36%
marronnier d'inde
36%
amandier
29%
carpinus betulus
29%
cedrus atlantica
29%
cornus sanguinea
29%
erable plane
29%
erable sycomore
29%
fagus sylvatica
29%
laurier cerise
29%
merisier
29%
rosaceae
29%
aesculus hippocastanum
21%
buxus sempervirens
21%
cedre de l'atlas
21%
cornouiller sanguin
21%
prunus avium
21%
Prunus dulcis
21%
prunus laurocerasus
21%
betulacea
14%
betulaceae
14%
bouleau pendant
14%
buxaceae
14%
cotoneaster de Franchet
14%
fagaceae
14%
groseillier dore
14%
Rosaceae
14%
rosaceae
14%
sapindaceae
14%
sapindaceae
14%
sapindaceae
14%
araliaceae
7%
cornaceae
7%
cotoneaster franchetii
7%
pinaceae
7%
ribes aureum
7%
grossulariaceae
0%
rosaceae
0%
sapindaceae
0%
Aucun quiz correspondant
Distribution des résultats
% des personnes avec chaque résultat
Percentile par nombre de réponses
Votre historique - résultats
Vous n’avez pas pris ce quiz